[Event "URS-ch sf"]
[Site "Moscow"]
[Date "1989.??.??"]
[Round "?"]
[White "Baikov, Vladimir A"]
[Black "Kozlov, V."]
[Result "0-1"]
[WhiteElo "2345"]
[BlackElo "2380"]

1.d4 d5 2.c4 dxc4 3.e3 Nf6 4.Bxc4 e6 5.Nf3 c5 6.O-O a6 7.Bd3 Nc6 8.Nc3 Qc7
9.Qe2 Bd6 10.dxc5 Bxc5 11.e4 Ng4 12.g3 O-O 13.Bf4 e5 14.Nd5 Qd6 15.Bg5 h6
16.Bd2 Nf6 17.Be3 Nxd5 18.exd5 Qxd5 19.Bc4 Qd6 20.Rfd1 Bd4 21.Nxd4 exd4 22.Bf4 Qf6
23.Bd5 Bd7 24.Qc4 g5 25.Bd2 Ne5 26.Qd3 Bg4 27.f4 Bxd1 28.Rxd1 Ng4 29.Rf1 Ne3
30.Bxe3 dxe3 31.Qxe3 Rae8 32.Qd3 Qxb2 33.fxg5 Qb6+ 34.Kh1 hxg5 35.Qf5 Qh6
36.Bxf7+ Kh8 37.Qf3 Qc6 38.Kg1 Qc5+ 39.Kg2 Re3 40.Qd1 Kg7 41.Qh5 Qc6+ 42.Kg1 Re5
43.h4 Qh6 44.Qf3 gxh4 45.Qxb7 Qe3+ 46.Kh1 Qe4+  0-1

[Event "Munich"]
[Site "Munich"]
[Date "1989.??.??"]
[Round "?"]
[White "Hansen, Lars Bo"]
[Black "Van der Sterren, Paul"]
[Result "1/2-1/2"]
[WhiteElo "2540"]
[BlackElo "2500"]

1.d4 d5 2.c4 dxc4 3.Nf3 Nf6 4.e3 e6 5.Bxc4 c5 6.O-O a6 7.a4 Nc6 8.Nc3 Be7
9.Qe2 cxd4 10.Rd1 e5 11.exd4 exd4 12.Nxd4 Nxd4 13.Qe5 Qd6 14.Qxd6 Bxd6 15.Rxd4 Be5
16.Rd1 O-O 17.f3 Re8 18.g4 h6 19.Rd3 Be6 20.Bxe6 Rxe6 21.Bd2 Rc8 22.a5 Rc4
23.Ra4 Rec6 24.h4 Kf8  1/2-1/2

[Event "Munich"]
[Site "Munich"]
[Date "1989.??.??"]
[Round "?"]
[White "Hansen, Lars Bo"]
[Black "Schlosser, Philipp"]
[Result "1/2-1/2"]
[WhiteElo "2540"]
[BlackElo "2420"]

1.d4 d5 2.Nf3 Nf6 3.c4 dxc4 4.e3 e6 5.Bxc4 c5 6.O-O a6 7.a4 Nc6 8.Nc3 Be7
9.Ne5 cxd4 10.Nxc6 bxc6 11.exd4 O-O 12.b3 Bb7 13.Be3 Qc7 14.Qe2 c5 15.dxc5 Bxc5
16.Bxc5 Qxc5 17.Rfd1 a5 18.Rd3 Ba6 19.Bxa6 Rxa6 20.Rad1 Rb6 21.Nb5 Nd5 22.Qd2 Ra6
23.Rc1 Qe7 24.g3 g6 25.h4 Raa8 26.Qe1 Nb4 27.Rdc3 Rad8 28.Qe2 Rd7 29.Rc7 Rfd8
30.Qf3 Kg7 31.Rxd7 Qxd7 32.h5 Qd2 33.Rc7 Rd7 34.Rxd7 Qxd7 35.Qc3+ f6 36.hxg6 hxg6
37.Kh2 e5 38.Na3 Nc6 39.Nb5 g5 40.Qc5 Nd4 41.Nxd4 exd4 42.Qxa5 d3 43.Qd2 Qd5
44.a5 Qxb3 45.a6 Qa3 46.a7 Qxa7 47.Qxd3 Qxf2+ 48.Kh3 Qa2 49.g4 Qe6 50.Qf3 Qe5
51.Qd3 Qc7 52.Qf3 Kf7 53.Qd5+ Ke7 54.Qf3 Qc4 55.Kg2 Qd4 56.Kh3 Kd6 57.Qf5 Qe3+
58.Kg2 Qe5 59.Qc8 Qe2+ 60.Kg3 Qd3+ 61.Kg2 Ke5 62.Qc7+ Qd6 63.Qc2 Kf4 64.Qf2+ Ke4
65.Qe2+ Kd4 66.Qd2+ Kc5 67.Qa5+ Kc4 68.Qa2+ Kc3 69.Qa1+ Kd2 70.Qb2+ Ke1 71.Qf2+ Kd1
72.Qf1+ Kd2 73.Qf2+ Kc1 74.Qf1+ Qd1 75.Qxf6 Qxg4+ 76.Kf2 Qh4+ 77.Kg2 Qe4+
78.Qf3 Qe5 79.Qf1+ Kd2 80.Qf2+ Kd3 81.Qg3+ Ke4 82.Qxe5+ Kxe5 83.Kg3 Kf5 84.Kf3 g4+
85.Kg3 Kg5 86.Kg2 Kf4 87.Kf2 g3+ 88.Kg2 Kg4 89.Kg1 Kf3 90.Kf1 g2+ 91.Kg1 Kg3  1/2-1/2

[Event "New York op"]
[Site "New York"]
[Date "1989.??.??"]
[Round "1"]
[White "Gomez Esteban, Juan Mario"]
[Black "Dorfman, Josif D"]
[Result "1/2-1/2"]
[WhiteElo "2460"]
[BlackElo "2565"]

1.d4 Nf6 2.Nf3 d5 3.c4 dxc4 4.e3 e6 5.Bxc4 c5 6.dxc5 Qa5+ 7.Nbd2 Bxc5 8.O-O Be7
9.a3 O-O 10.b4 Qh5 11.Bb2 Nbd7 12.Be2 Qh6 13.Nc4 Rd8 14.Qc2 b6  1/2-1/2

[Event "New York op"]
[Site "New York"]
[Date "1989.??.??"]
[Round "9"]
[White "Dizdar, Goran"]
[Black "Zaltsman, Vitaly F"]
[Result "0-1"]
[WhiteElo "2505"]
[BlackElo "2420"]

1.d4 d5 2.c4 dxc4 3.e3 e6 4.Bxc4 Nf6 5.Nf3 c5 6.O-O a6 7.Bd3 Nbd7 8.Qe2 Qc7
9.Nbd2 b6 10.e4 cxd4 11.e5 Nd5 12.Nb3 Nc5 13.Nbxd4 Nxd3 14.Qxd3 Bb7 15.Bg5 h6
16.Bd2 Qd7 17.Rac1 Be7 18.h3 O-O 19.Qe4 Rfc8 20.Qg4 Rxc1 21.Bxc1 Kf8 22.Qe4 Ke8
23.Qh7 Bf8 24.Bd2 Rc8 25.Re1 Rc4 26.b3 Rc8 27.Ne2 Ne7 28.Bb4 Bxf3 29.gxf3 Nf5
30.Qg8 Ne7 31.Qh7 Ng6 32.Qg8 Rc2 33.Nc3 Qd4 34.Ne4 Qxb4 35.Nd6+ Kd8 36.Rd1 Rd2
37.Rc1 Rxd6 38.exd6 Qxd6 39.Qxf7 Nf4 40.Rc4 g5 41.Qb7 Qd1+ 42.Kh2 Bc5 43.b4 Qd2  0-1

[Event "Kotov mem"]
[Site "Odessa"]
[Date "1989.??.??"]
[Round "?"]
[White "Savon, Vladimir A"]
[Black "Dobrovolsky, Ladislav"]
[Result "1/2-1/2"]
[WhiteElo "2465"]
[BlackElo "2415"]

1.d4 d5 2.c4 dxc4 3.Nf3 Nf6 4.e3 e6 5.Bxc4 c5 6.O-O a6 7.Qe2 b5 8.Bb3 Bb7
9.Rd1 Nbd7 10.Nc3 Bd6 11.e4 cxd4 12.Rxd4 Bc5 13.Rd3 Qc7 14.Bg5 O-O 15.Rad1 Ne5
16.Nxe5 Qxe5 17.Rg3 Kh8 18.Be3 Bxe3 19.Qxe3 b4 20.Rg5 Qc7 21.e5 bxc3 22.exf6 gxf6
23.Rc5 Qe7 24.Qxc3 Rac8 25.Rxc8 Rxc8 26.Qe3 Qc7 27.f3 Kg7 28.Rd4 Qc1+ 29.Qxc1 Rxc1+
30.Kf2 Rb1 31.Rd2 f5 32.Bxe6 fxe6 33.Rd7+ Kf6 34.Rxb7 h5 35.f4 h4 36.a4 Ra1
37.b3 Ra2+ 38.Kf3 Rc2 39.a5 Rc3+ 40.Ke2 Rc2+ 41.Kf3 Rc3+ 42.Ke2 Rc2+  1/2-1/2

[Event "World op"]
[Site "Philadelphia"]
[Date "1989.??.??"]
[Round "4"]
[White "Silman, Jeremy D"]
[Black "Blankenau, Mike"]
[Result "1-0"]
[WhiteElo "2410"]
[BlackElo "2245"]

1.d4 d5 2.c4 dxc4 3.e3 Nf6 4.Bxc4 e6 5.Nf3 c5 6.O-O a6 7.Qe2 b5 8.Bd3 cxd4
9.exd4 Be7 10.Nc3 Bb7 11.Bg5 O-O 12.Rad1 Nbd7 13.Ne5 h6 14.Bc1 Nb6 15.Qe3 Nbd5
16.Qg3 Nh5 17.Qg4 Nhf6 18.Qh3 Nxc3 19.bxc3 Qd5 20.c4 bxc4 21.Bxc4 Qd6 22.Rd3 Kh7
23.Rg3 Ne8 24.Bd3+ f5 25.Ng4 Rf6 26.Ba3 Qd8 27.Bxe7 Qxe7 28.Nxf6+ Nxf6 29.Re3 Ne4
30.f3 Ng5 31.Qxf5+  1-0

[Event "Porz op23"]
[Site "Porz"]
[Date "1989.??.??"]
[Round "6"]
[White "Bany, Jerzy"]
[Black "Schulz, K."]
[Result "1/2-1/2"]
[WhiteElo "2440"]
[BlackElo "2345"]

1.d4 d5 2.c4 dxc4 3.Nf3 Nf6 4.e3 e6 5.Bxc4 c5 6.O-O a6 7.Bd3 Nc6 8.Nc3 cxd4
9.exd4 Nb4 10.Bb1 b6 11.a3 Nbd5 12.Nxd5 Qxd5 13.Bg5 Be7 14.Re1 Bb7 15.Qd3 Rd8
16.Ba2 Qd6 17.Rad1 Nd5 18.Qe4 Bxg5 19.Nxg5 Qe7 20.Qg4 O-O 21.Bb1 h6 22.Nf3 Nf6
23.Qf4 Bxf3 24.Qxf3 Qd6 25.Qe2 b5 26.h3 Rd7 27.Rd3 Rfd8 28.Rc1 Qb6 29.Qe3 Kf8
30.Rcd1 Nd5 31.Qe4 Nf6 32.Qf4 Qd6 33.Qe3 Qd5 34.Rc1 Rd6 35.Rcd1 Qb7 36.Qe1 Qb6
37.Qe3 Nd5 38.Qe4 Nf6 39.Qe3 a5 40.Qe5 Rd5 41.Qe3 b4 42.axb4 Qxb4 43.Ba2 R5d7
44.R3d2 Rd6 45.Kh1 Kg8 46.Kg1 Qb6 47.Kh1 Qb5 48.Kg1 Qg5 49.Qe2 Nd5 50.Qe4 Nb4
51.Bb1 g6 52.h4 Qd5 53.Qe3 Kg7 54.Be4 Qb5 55.Bf3 h5 56.Qf4 Qb6 57.Qe5+ f6
58.Qg3 Kf7 59.Qf4 Kg7 60.Qg3 Kf7 61.Qf4 Kg7 62.Qg3 Kf7  1/2-1/2

[Event "Prague Mladi"]
[Site "Prague"]
[Date "1989.??.??"]
[Round "5"]
[White "Kochyev, Alexander"]
[Black "Szymczak, Zbigniew"]
[Result "1/2-1/2"]
[WhiteElo "2475"]
[BlackElo "2400"]

1.d4 d5 2.Nf3 Nf6 3.c4 dxc4 4.e3 e6 5.Bxc4 c5 6.O-O a6 7.a4 Nc6 8.Qe2 Qc7
9.Nc3 Be7 10.Rd1 O-O 11.h3 Rd8 12.d5 exd5 13.Bxd5 Nb4 14.Bc4 Rxd1+ 15.Nxd1 Bf5
16.Nc3 Re8 17.b3 Bf8 18.Bb2 Be6 19.Rd1 Bxc4 20.Qxc4 Nc6 21.Nd5 Nxd5 22.Rxd5 Rd8
23.Ng5 Rxd5 24.Qxd5 h6  1/2-1/2

[Event "Sao Paulo zt"]
[Site "Sao Paulo"]
[Date "1989.??.??"]
[Round "3"]
[White "Almada, Enrique"]
[Black "Correa, Aron A"]
[Result "1/2-1/2"]
[WhiteElo "2280"]
[BlackElo "2270"]

1.d4 d5 2.c4 dxc4 3.Nf3 Nf6 4.e3 c5 5.Bxc4 e6 6.Nc3 a6 7.a4 Nc6 8.O-O Be7
9.Qe2 cxd4 10.Rd1 O-O 11.Nxd4 Nxd4 12.Rxd4 Qc7 13.b3 Bd6 14.Rh4 Qa5 15.Bb2 Be5
16.Rc1 Rd8 17.Bd3 h6 18.Bb1 Nd5 19.Nxd5 Qxd5 20.Bxe5 Qxe5 21.Rd1 Rd5 22.Rhd4 Bd7
23.f4 Qd6 24.Qd3 g6 25.Rxd5 exd5 26.Qxd5 Qxd5 27.Rxd5 Be6 28.Rc5 Bxb3 29.a5  1/2-1/2

[Event "Sochi-B"]
[Site "Sochi"]
[Date "1989.??.??"]
[Round "?"]
[White "Sorokin, Maxim"]
[Black "Ivanov, Jordan"]
[Result "1/2-1/2"]
[WhiteElo "2420"]
[BlackElo "2300"]

1.d4 d5 2.c4 dxc4 3.Nf3 Nf6 4.e3 e6 5.Bxc4 c5 6.O-O a6 7.dxc5 Qxd1 8.Rxd1 Bxc5
9.Nc3 b5 10.Be2 Bb7 11.Bd2 Nbd7 12.Be1 Ke7 13.Nd4 Rhc8  1/2-1/2

[Event "Sochi-B"]
[Site "Sochi"]
[Date "1989.??.??"]
[Round "?"]
[White "Yakovich, Yuri"]
[Black "Kallai, Gabor"]
[Result "1/2-1/2"]
[WhiteElo "2450"]
[BlackElo "2405"]

1.d4 d5 2.c4 dxc4 3.e3 Nf6 4.Bxc4 e6 5.Nf3 c5 6.Qe2 Nc6 7.O-O a6 8.dxc5 Bxc5
9.e4 b5 10.e5 bxc4 11.exf6 Qd3 12.fxg7 Rg8 13.Qxd3 cxd3 14.Bh6 Nd4 15.Nxd4 Bxd4
16.Nc3 Rb8 17.Rad1 Rxb2 18.Rxd3 Bxg7 19.Rfd1 Bf6 20.Ne4 Be7 21.Nd6+  1/2-1/2

[Event "Sverdlovsk"]
[Site "Sverdlovsk"]
[Date "1989.??.??"]
[Round "?"]
[White "Horvath, Csaba"]
[Black "Janovsky, Sergey"]
[Result "1/2-1/2"]
[WhiteElo "2470"]
[BlackElo "2360"]

1.d4 Nf6 2.Nf3 d5 3.c4 dxc4 4.e3 e6 5.Bxc4 c5 6.O-O a6 7.Bd3 Nbd7 8.a4 b6
9.Nc3 Bb7 10.Qe2 Bd6 11.h3 O-O 12.Rd1  1/2-1/2

[Event "Tallinn-B"]
[Site "Tallinn"]
[Date "1989.??.??"]
[Round "?"]
[White "Kochyev, Alexander"]
[Black "Eslon, Jaan"]
[Result "1-0"]
[WhiteElo "2475"]
[BlackElo "2365"]

1.d4 Nf6 2.Nf3 d5 3.c4 dxc4 4.e3 e6 5.Bxc4 c5 6.O-O a6 7.a4 Nc6 8.Qe2 Be7
9.Rd1 Qc7 10.Nc3 O-O 11.h3 b6 12.d5 exd5 13.Bxd5 Bb7 14.e4 Rad8 15.Be3 Nb4
16.Bxb7 Qxb7 17.Bg5 h6 18.Rxd8 Rxd8 19.Bxf6 Bxf6 20.e5 Be7 21.Re1 Qc6 22.e6 Bf6
23.Qc4 Bxc3 24.bxc3 Qd5 25.Ne5 Qxc4 26.Nxc4 Nd5 27.e7 Re8 28.Re5 Nxe7 29.Nxb6 Rb8
30.Nd7 Rb1+ 31.Kh2 Ng6 32.Re8+ Kh7 33.Nxc5 Rc1 34.Nxa6 Rxc3 35.Re3 Rc2 36.Ra3 Rxf2
37.a5 Rb2 38.Nc5 Rb5 39.Nd3 Rb7 40.a6 Ra7 41.Ra5 f6 42.Kg3 Ne7 43.Nb4 Kg6
44.Rb5 Nf5+ 45.Kf4 Nd6 46.Rb6 Ne8 47.Rb7 Ra8 48.Rd7 Rb8 49.Rb7 Ra8 50.g4 Nd6
51.Rb6 Nc4 52.Rb5 Ne5 53.Rb7 Rc8 54.a7 Rc4+ 55.Ke3 Rc3+ 56.Kd4 Ra3 57.Kc5 Ra5+
58.Kb6 Nc4+ 59.Kc7 Rc5+ 60.Nc6  1-0

[Event "Venezia m"]
[Site "Venezia"]
[Date "1989.??.??"]
[Round "2"]
[White "Spassky, Boris V"]
[Black "Huebner, Robert"]
[Result "1/2-1/2"]
[WhiteElo "2580"]
[BlackElo "2600"]

1.d4 d5 2.c4 dxc4 3.Nf3 Nf6 4.e3 e6 5.Bxc4 c5 6.O-O a6 7.dxc5 Bxc5 8.Qxd8+ Kxd8
9.b3 b5 10.Be2 Bb7 11.Bb2 Ke7 12.a4 b4 13.a5 Nbd7 14.Nbd2 Rhd8 15.Rfc1 g6
16.Rc4 Bd5 17.Rh4 h5 18.Ng5 Ke8 19.Rf4 e5 20.Rc4 Be7 21.e4 Bxc4 22.Bxc4 Nc5
23.Ndf3 Nfxe4 24.Nxf7 Nd2 25.Nxd8 Nxc4 26.bxc4 Rxd8 27.Bxe5 Nb3 28.Re1 Kd7
29.Kf1 Nxa5 30.Ra1 Nxc4 31.Rxa6 g5 32.Bg7 Ke8 33.Rc6 Nd2+ 34.Ke2 Nxf3 35.Kxf3 Kf7
36.Be5 Rd2  1/2-1/2

[Event "Zenica"]
[Site "Zenica"]
[Date "1989.??.??"]
[Round "4"]
[White "Cvitan, Ognjen"]
[Black "Mikhalchishin, Adrian"]
[Result "1/2-1/2"]
[WhiteElo "2525"]
[BlackElo "2475"]

1.d4 d5 2.c4 dxc4 3.Nf3 Nf6 4.e3 e6 5.Bxc4 c5 6.O-O a6 7.a4 Nc6 8.Qe2 Qc7
9.Nc3 Bd6 10.Bd2 O-O 11.Rac1 b6 12.Bd3 Bb7 13.h3 Rfd8 14.dxc5 Bxc5 15.Ne4 Nxe4
16.Bxe4 Qe7 17.Bc3 Nb4  1/2-1/2

[Event "JUG-chT"]
[Site "Zlatibor"]
[Date "1989.??.??"]
[Round "?"]
[White "Hulak, Krunoslav"]
[Black "Marjanovic, Slavoljub"]
[Result "1/2-1/2"]
[WhiteElo "2550"]
[BlackElo "2465"]

1.d4 d5 2.Nf3 Nf6 3.c4 dxc4 4.e3 e6 5.Bxc4 c5 6.O-O a6 7.a4 Nc6 8.Qe2 cxd4
9.Rd1 Be7 10.exd4 O-O 11.Nc3 Nd5 12.Ba2 Ncb4 13.Bb1 b6 14.Ne5 Bb7 15.Ne4 Re8
16.Ra3 f5 17.Ng3 Nc6 18.Nxc6  1/2-1/2

[Event "JUG-chT"]
[Site "Zlatibor"]
[Date "1989.??.??"]
[Round "?"]
[White "Kozul, Zdenko"]
[Black "Marjanovic, Slavoljub"]
[Result "1-0"]
[WhiteElo "2560"]
[BlackElo "2465"]

1.d4 d5 2.c4 dxc4 3.Nf3 Nf6 4.e3 e6 5.Bxc4 c5 6.O-O a6 7.a3 Nc6 8.dxc5 Bxc5
9.b4 Bd6 10.Bb2 Qc7 11.Nbd2 Ng4 12.h3 Nge5 13.Rc1 O-O 14.Be2 Rd8 15.Qc2 Qe7
16.Nxe5 Bxe5 17.Bf3 Bxb2 18.Qxb2 Bd7 19.Nb3 Be8 20.Nc5 Rd6 21.Rc2 Nd8 22.Rfc1 Rc8
23.a4 h6 24.Nxe6 Qxe6 25.Rxc8 Bc6 26.Rxd8+ Rxd8 27.Bxc6 bxc6 28.Qe2 Qb3 29.Qxa6 Qxb4
30.Qxc6 g6 31.Ra1 Rd2 32.Qf6 Rd6 33.Qf4 Qb2 34.Rf1 Ra6 35.Qxh6 Rxa4 36.Rd1 Ra1
37.Rxa1 Qxa1+ 38.Kh2 Qe5+ 39.Qf4 Qb5 40.h4 Qd5 41.Kg3 Qb5 42.Kh2 Qd3 43.e4 Qe2
44.e5 Qh5 45.Qg5 Qe2 46.f3 Kf8 47.Qd8+ Kg7 48.Qf6+ Kg8 49.e6  1-0

[Event "JUG-chT"]
[Site "Zlatibor"]
[Date "1989.??.??"]
[Round "?"]
[White "Djuric, Stefan"]
[Black "Drasko, Milan"]
[Result "0-1"]
[WhiteElo "2470"]
[BlackElo "2485"]

1.d4 d5 2.c4 dxc4 3.Nf3 Nf6 4.e3 e6 5.Bxc4 c5 6.O-O a6 7.a4 Nc6 8.Qe2 Qc7
9.Nc3 Bd6 10.b3 O-O 11.Bb2 b6 12.Rad1 h6 13.Kh1 Re8 14.d5 exd5 15.Nxd5 Nxd5
16.Bxd5 Be6 17.e4 Bxd5 18.Rxd5 Nb4 19.Rh5 Qc6 20.Bxg7 Kxg7 21.Qb2+ Kg8 22.Rxh6 Be5
23.Qc1 Qxe4 24.Rh4 Qg6 25.Rh6 Qc2 26.Qg5+ Bg7 27.Rxb6 Rad8 28.h4 Qe2 29.Kg1 Qxf1+  0-1

[Event "Zug"]
[Site "Zug"]
[Date "1989.??.??"]
[Round "?"]
[White "Brunner, Lucas"]
[Black "Kraut, Rainer"]
[Result "1/2-1/2"]
[WhiteElo "2505"]
[BlackElo "2380"]

1.d4 d5 2.c4 dxc4 3.e3 Nf6 4.Bxc4 e6 5.Nf3 c5 6.dxc5 Qxd1+ 7.Kxd1 Bxc5 8.a3 a6
9.b4 Bd6 10.Bb2 Nbd7 11.Ke2 b5 12.Bd3 Bb7 13.Nbd2 Ke7 14.Rhg1 h6 15.h3 Rac8
16.Rac1 g6 17.Bb1 Bb8 18.g3 Rhd8 19.Rgd1 Rxc1 20.Rxc1 Rc8 21.Rxc8 Bxc8 22.Nb3 Bb7
23.Nfd2 h5 24.h4 Ng4 25.f4 f5 26.e4 Ngf6 27.e5 Nd5 28.Na5 Ba8 29.Bd4 N5b6
30.Ndb3 Na4 31.Bc2 Bc7 32.Ke3 Ndb6 33.Nc5 Nxc5 34.Bxc5+ Kd7 35.Kd4 Bd5 36.Bd1 Na4
37.Bxa4 bxa4 38.Ba7 Bxa5  1/2-1/2

[Event "Aarhus int-B"]
[Site "Aarhus"]
[Date "1990.??.??"]
[Round "1"]
[White "Nielsen, Peter Heine"]
[Black "Bernei, Andras"]
[Result "0-1"]
[WhiteElo "2280"]
[BlackElo "2330"]

1.d4 d5 2.c4 c6 3.Nf3 e6 4.e3 Nf6 5.Bd3 dxc4 6.Bxc4 c5 7.O-O Nc6 8.Nc3 cxd4
9.exd4 Be7 10.Qe2 O-O 11.Rd1 Na5 12.Bd3 b6 13.Ne5 Bb7 14.Bc2 Rc8 15.Qd3 Nc6
16.Bg5 Nb4 17.Qe2 Nxc2 18.Qxc2 Nd5 19.Bxe7 Qxe7 20.Qa4 Rxc3 21.bxc3 Nxc3  0-1

[Event "Aarhus int-B"]
[Site "Aarhus"]
[Date "1990.??.??"]
[Round "8"]
[White "Hansen, Sune Berg"]
[Black "Bernei, Andras"]
[Result "1-0"]
[WhiteElo "2335"]
[BlackElo "2330"]

1.d4 d5 2.c4 c6 3.Nf3 e6 4.e3 Nf6 5.Bd3 dxc4 6.Bxc4 c5 7.O-O Nc6 8.Qe2 cxd4
9.Rd1 Be7 10.exd4 O-O 11.Nc3 Na5 12.Bd3 b6 13.Bg5 Bb7 14.Rac1 Rc8 15.Ne5 Nd5
16.Qh5 f5 17.Bd2 Nxc3 18.bxc3 Qd5 19.f3 Bf6 20.Ng4 Qxa2 21.Ra1 Qd5 22.Be1 Rf7
23.Ne3 Qd7 24.f4 g6 25.Qe2 g5 26.fxg5 Bxg5 27.Nf1 Rg7 28.Ng3 Bh4 29.Bb5 Qf7
30.Ba6 f4 31.Bxb7 Nxb7 32.Qh5 fxg3 33.Qxh4 gxh2+ 34.Qxh2 Na5 35.Bd2 Nc4 36.Rf1 Qc7
37.Bf4 Qc6 38.Bh6 Rd7 39.Rf3 Nd6 40.Qg3+ Kh8 41.Qe5+  1-0

[Event "JUG-chT FL"]
[Site "Arandjelovac"]
[Date "1990.??.??"]
[Round "2"]
[White "Pavlovic, Slobodan"]
[Black "Vujicic, Mirko"]
[Result "1-0"]
[WhiteElo "2250"]
[BlackElo "2345"]

1.d4 d5 2.c4 dxc4 3.Nf3 Nf6 4.e3 e6 5.Bxc4 c5 6.O-O a6 7.a4 Nc6 8.Nc3 Qc7
9.Qe2 Bd6 10.h3 O-O 11.Rd1 Re8 12.dxc5 Bxc5 13.e4 Nd7 14.Be3 b6 15.Rac1 Bb7
16.Nd4 Nde5 17.Nxc6 Bxe3 18.fxe3 Nxc6 19.Rf1 Ne5 20.Ba2 Qe7 21.Qh5 Nd3 22.Rcd1 Red8
23.Nd5 Bxd5 24.exd5 Nb4 25.d6 Qd7 26.Bb3 g6 27.Qh6 Nc6 28.Rf4 Rf8 29.Rh4  1-0

[Event "AUT-chT playoff"]
[Site "Austria"]
[Date "1990.??.??"]
[Round "?"]
[White "Pils, Walter"]
[Black "Zoebisch, Herbert"]
[Result "1/2-1/2"]
[WhiteElo "2355"]
[BlackElo "2215"]

1.d4 d5 2.c4 dxc4 3.e3 Nf6 4.Bxc4 e6 5.Nf3 c5 6.Nc3 a6 7.O-O b5 8.Bb3 Bb7
9.Qe2 Nbd7 10.Rd1 Qb8 11.d5 exd5 12.Nxd5 Nxd5 13.Bxd5  1/2-1/2

[Event "Bad Woerishofen op"]
[Site "Bad Woerishofen"]
[Date "1990.??.??"]
[Round "?"]
[White "Klebel, Martin"]
[Black "Schlosser, Philipp"]
[Result "0-1"]
[WhiteElo "2335"]
[BlackElo "2465"]

1.d4 d5 2.Nf3 e6 3.c4 dxc4 4.e3 Nf6 5.Bxc4 c5 6.O-O a6 7.a4 Nc6 8.Nc3 Be7
9.dxc5 Qxd1 10.Rxd1 Na5 11.Ba2 Bxc5 12.Ng5 Nc6 13.Bd2 Bb4 14.Nce4 Nxe4 15.Nxe4 Ke7
16.Rac1 Bxd2 17.Rxd2 Rd8 18.Rxd8 Kxd8 19.Bb1 Ke7 20.f4 Rb8 21.Nc5 Nb4 22.Be4 b6
23.Nb3 Bd7 24.Rc7 Kd6 25.Ra7 Bxa4 26.Nd2 f5 27.Bf3 Rc8 28.Be2 Rc2 29.Nc4+ Kc5
30.Rc7+ Bc6 31.Kf1 Rxc4 32.Bxc4 Kxc4 33.Rxg7 h5 34.Rh7 Kb3 35.Rxh5 Kxb2 36.h4 a5
37.Rh7 a4 38.h5 a3 39.h6 a2 40.Ra7 Na6 41.Rxa6 Bb5+ 42.Kf2 Bxa6 43.h7 a1=Q
44.h8=Q+ Ka2 45.Qe8 Qf1+ 46.Kg3 Qc4 47.Qd8 Qc5 48.Qd2+ Ka3 49.Kh4 Bc4 50.e4 Bb3
51.Qe1 Qd4 52.Qc1+ Qb2 53.Qg1 Qh8+  0-1

[Event "Berliner Sommer"]
[Site "Berlin"]
[Date "1990.??.??"]
[Round "?"]
[White "Groszpeter, Attila"]
[Black "Drasko, Milan"]
[Result "1-0"]
[WhiteElo "2545"]
[BlackElo "2445"]

1.d4 d5 2.c4 dxc4 3.e3 Nf6 4.Bxc4 e6 5.Nf3 c5 6.O-O a6 7.a4 Nc6 8.Qe2 Qc7
9.Nc3 Bd6 10.Rd1 O-O 11.h3 h6 12.dxc5 Bxc5 13.e4 Nd7 14.Ba2 Qa5 15.Bf4 e5
16.Be3 Bxe3 17.Qxe3 Nb4 18.Bb3 Nc5 19.Nd5 Nxb3 20.Qxb3 Nxd5 21.exd5 e4 22.Ne5 Rd8
23.Nc4 Qc5 24.Nb6 Rb8 25.Rac1 Qd6 26.Rc4 Bf5 27.a5 Qf4 28.Qe3 Qxe3 29.fxe3 h5
30.d6 g6 31.Rc7 Kg7 32.h4 Kf6 33.Rd4 Be6 34.Kf2 g5 35.hxg5+ Kxg5 36.d7 Kf6
37.Rxe4 Ke7 38.Rd4 Bb3 39.Rd3 Be6 40.b4 Kf6 41.Rd4 Bb3 42.Rc5 Be6 43.Rxh5 Ke7
44.Rc5 Rg8 45.Rc7 Kd8 46.Rc8+ Ke7 47.d8=Q+ Rxd8 48.Rdxd8  1-0

[Event "Bielsko Biala op"]
[Site "Bielsko Biala"]
[Date "1990.??.??"]
[Round "10"]
[White "Panczyk, Krzysztof"]
[Black "Bus, Mariusz"]
[Result "1/2-1/2"]
[WhiteElo "2400"]
[BlackElo "2335"]

1.d4 d5 2.c4 dxc4 3.Nf3 Nf6 4.e3 e6 5.Bxc4 c5 6.O-O a6 7.Bb3 cxd4 8.exd4 Be7
9.Qe2 O-O 10.Nc3 Nc6 11.Rd1 Nb4 12.Ne5 Bd7 13.Bg5 Be8 14.a3 Nbd5 15.Nxd5 Nxd5
16.Bxd5 exd5 17.Bxe7 Qxe7 18.Qf3 Qd6 19.Rac1 f6 20.Nd3 Ba4 21.Re1 Rfe8 22.Nc5 Bc6
23.Qg3 Qxg3 24.hxg3 Kf7 25.f3 Rxe1+ 26.Rxe1 b6 27.Nd3 Rc8 28.Rc1 Bb7 29.Rxc8 Bxc8
30.Kf2 g5 31.Nb4 Bb7 32.g4 Ke7 33.Ke1 Kd6 34.Nc2 Bc8 35.Ne3 Be6 36.Kd2 Kc6
37.Kc3 Bd7 38.Nc2 Bc8 39.Ne3 Be6 40.Nf1 Bf7 41.Ng3 Bg6 42.Kb4 Kb7 43.Kc3 Kc6
44.Nf1 Bf7 45.b4 Kb5 46.Kb3 Kc6 47.a4 Kd6 48.a5 b5 49.Kc3 Ke7 50.Kd3 Bg6+
51.Ke3 Bf7 52.f4 h6 53.Kf3 Kd6 54.Ng3 Bg6 55.Ke3 Ke7 56.Kf3 Kd6 57.Ke3 Ke7
58.Ne2 Be8 59.Kf3 Kd6 60.Ke3 Ke7  1/2-1/2

[Event "Budapest Herbstlich"]
[Site "Budapest"]
[Date "1990.??.??"]
[Round "2"]
[White "Callergard, Robert"]
[Black "Fominyh, Alexander"]
[Result "0-1"]
[WhiteElo "2360"]
[BlackElo "2530"]

1.d4 d5 2.Nf3 Nf6 3.c4 dxc4 4.e3 e6 5.Bxc4 c5 6.O-O a6 7.a4 Nc6 8.Qe2 cxd4
9.Rd1 Be7 10.Nxd4 Nxd4 11.exd4 Nd5 12.Nc3 Nxc3 13.bxc3 O-O 14.Bf4 Bd6 15.Qe3 Bxf4
16.Qxf4 Qa5 17.Bd3 Qxc3 18.Qd6 g6 19.Rac1 Qa5 20.h4 Qd8 21.Qf4 Bd7 22.Be4 Bxa4
23.Rd2 h5 24.d5 e5 25.Qxe5 Qxh4 26.Bf3 Rae8 27.Qc3 Bd7 28.d6 Rc8 29.Qb2 Qf4
30.Rxc8 Rxc8 31.Bxb7 Rb8 32.Rd1 a5 33.Rd4 Qe5 34.g3 a4 35.Qb6 a3 36.Rd1 Qb2
37.Qxb2 axb2  0-1

[Event "Spring op"]
[Site "Budapest"]
[Date "1990.??.??"]
[Round "3"]
[White "Neverov, Valeriy"]
[Black "Vaulin, Alexander"]
[Result "1-0"]
[WhiteElo "2505"]
[BlackElo "2390"]

1.d4 d5 2.c4 dxc4 3.Nf3 Nf6 4.e3 c5 5.Bxc4 e6 6.O-O a6 7.Qe2 b5 8.Bd3 Bb7
9.a4 bxa4 10.Rxa4 cxd4 11.Rxd4 Nbd7 12.Nc3 Bc5 13.Ra4 a5 14.e4 Qb8 15.e5 Bxf3
16.Qxf3 Nxe5 17.Bb5+ Ke7 18.Qe2 Ng6 19.Bc6 Ra7 20.Rc4 Bd6 21.Be3 Ra6 22.Bb5 Ra8
23.Rd1 Rd8 24.Rcd4 Qc7 25.h4 Kf8 26.h5 Ne7 27.h6 Be5 28.Rc4 Rxd1+ 29.Qxd1 Qb7
30.Rc5 Bxc3 31.bxc3 Rc8 32.Qd6 Ng8 33.hxg7+ Kxg7 34.Bd4+ Kf8 35.Rg5 f6 36.Rxg8+ Kxg8
37.Bd7 Qc7 38.Qxe7  1-0

[Event "Spring op"]
[Site "Budapest"]
[Date "1990.??.??"]
[Round "4"]
[White "Drasko, Milan"]
[Black "Kuporosov, Viktor"]
[Result "1/2-1/2"]
[WhiteElo "2445"]
[BlackElo "2445"]

1.d4 d5 2.c4 dxc4 3.Nf3 Nf6 4.e3 e6 5.Bxc4 c5 6.O-O a6 7.dxc5 Bxc5 8.Qxd8+ Kxd8
9.a3 Ke7 10.b4 Bd6 11.Bb2 b5 12.Be2 Bb7 13.Nbd2 Rc8 14.Rfb1 Nbd7 15.a4 bxa4
16.Nc4 Be4 17.Nxd6 Kxd6 18.Rd1+ Ke7 19.b5 a5 20.Nd4 Ke8 21.b6 Nxb6 22.Ba3 Bd5
23.Nb5  1/2-1/2

[Event "Elekes mem"]
[Site "Budapest"]
[Date "1990.??.??"]
[Round "4"]
[White "Roeder, Mathias"]
[Black "Schlosser, Philipp"]
[Result "1/2-1/2"]
[WhiteElo "2450"]
[BlackElo "2465"]

1.d4 d5 2.Nf3 e6 3.c4 dxc4 4.e3 Nf6 5.Bxc4 c5 6.O-O a6 7.Bd3 cxd4 8.exd4 Be7
9.Nc3 b5 10.a4 b4 11.Ne4 Nbd7 12.Bf4 O-O 13.Rc1 Nd5 14.Bg3 Qb6 15.Nc5 Bxc5
16.dxc5 Nxc5 17.Bxh7+ Kxh7 18.Qc2+ Kg8 19.Ng5 f5  1/2-1/2

[Event "Spring op"]
[Site "Budapest"]
[Date "1990.??.??"]
[Round "8"]
[White "Gostisa, Leon"]
[Black "Fominyh, Alexander"]
[Result "1/2-1/2"]
[WhiteElo "2370"]
[BlackElo "2525"]

1.d4 d5 2.c4 dxc4 3.Nf3 Nf6 4.e3 e6 5.Bxc4 c5 6.O-O a6 7.dxc5 Qc7 8.a3 Bxc5
9.Ba2 Nbd7 10.b4 Bd6 11.Bb2 b5 12.Nbd2 Bb7 13.Rc1 Qb8 14.h3 O-O 15.Nd4 Ne5
16.Qe2 Bd5 17.Bxd5 Nxd5 18.Nc6 Nxc6 19.Rxc6 Ne7 20.Rc2 a5 21.bxa5 Rxa5 22.Nb3 Ra4
23.Nd4 Rc4 24.Rxc4 bxc4 25.a4 Rc8 26.Nb5 Bh2+ 27.Kh1 Be5 28.Rc1 Bxb2 29.Qxb2 Qb6
30.Qb4 Qc5 31.Qxc5 Rxc5 32.Nd6 c3 33.Ne4 Rc4 34.Nxc3 f5 35.a5 Rc5 36.e4  1/2-1/2

[Event "Noviki-A"]
[Site "Budapest"]
[Date "1990.??.??"]
[Round "9"]
[White "Marinelli, Tullio"]
[Black "Kallai, Gabor"]
[Result "1/2-1/2"]
[WhiteElo "2400"]
[BlackElo "2420"]

1.d4 d5 2.Nf3 Nf6 3.c4 dxc4 4.e3 e6 5.Bxc4 c5 6.O-O a6 7.Qe2 b5 8.Bd3 cxd4
9.exd4 Be7 10.Rd1 Bb7 11.a4  1/2-1/2

[Event "Buenos Aires"]
[Site "Buenos Aires"]
[Date "1990.??.??"]
[Round "9"]
[White "Paglilla, Carlos"]
[Black "Ricardi, Pablo"]
[Result "1/2-1/2"]
[WhiteElo "2405"]
[BlackElo "2380"]

1.d4 d5 2.c4 dxc4 3.Nf3 Nf6 4.e3 e6 5.Bxc4 c5 6.O-O a6 7.dxc5 Qxd1 8.Rxd1 Bxc5
9.Nc3 Nc6 10.a3 Ke7 11.b4 Bb6 12.Bb2 Rd8 13.Kf1 Rxd1+ 14.Rxd1 Bd7 15.Ke2  1/2-1/2

[Event "Cannes op"]
[Site "Cannes"]
[Date "1990.??.??"]
[Round "3"]
[White "Kolev, Atanas"]
[Black "Caposciutti, Maurizio"]
[Result "1/2-1/2"]
[WhiteElo "2425"]
[BlackElo "2295"]

1.d4 d5 2.Nf3 Nf6 3.c4 dxc4 4.e3 e6 5.Bxc4 c5 6.O-O a6 7.Bd3 Nc6 8.Nc3 cxd4
9.exd4 Be7 10.Bg5 O-O 11.Rc1 b6 12.Bxf6 Bxf6 13.Ne4 Bb7 14.Nxf6+ Qxf6 15.Be4 Rac8
16.Ne5 Nxe5 17.Bxb7 Rxc1 18.Qxc1 Ng6 19.Rd1 a5 20.Qc6 Qd8 21.g3 Ne7 22.Qb5 Qc7
23.Bf3 h6 24.Rd3 Qd6 25.Rb3 Rb8 26.Qe5 Rd8 27.Qb5 Rb8 28.Qe5 Rd8 29.Qb5  1/2-1/2

[Event "Cheliabinsk-A"]
[Site "Cheliabinsk"]
[Date "1990.??.??"]
[Round "?"]
[White "Ikonnikov, Vyacheslav"]
[Black "Yakovich, Yuri"]
[Result "1/2-1/2"]
[WhiteElo "2485"]
[BlackElo "2520"]

1.d4 d5 2.c4 dxc4 3.Nf3 Nf6 4.e3 e6 5.Bxc4 c5 6.dxc5 Qxd1+ 7.Kxd1 Bxc5 8.Ke2 Ke7
9.Nbd2 a6 10.a3 b5 11.Bd3 Bb7 12.b4 Bd6 13.Bb2 Nbd7 14.Rac1  1/2-1/2